Największe dopływy Odry - Statystyki

Ogólne statystyki
  • Ten quiz został rozwiązany 81 razy
    77 od ostatniego zresetowania
  • Średni wynik to 5 z 9
Statystyki odpowiedzi
Odpowiedź % Poprawnych
Warta
95%
Nysa Kłodzka
89%
Nysa Łużycka
84%
Bóbr
77%
Barycz
54%
Bystrzyca
54%
Ina
39%
Olza
20%
Opawa
11%
Nie znaleziono quizów pasujących do podanych kryteriów
Rozkład punktacji
Procent ludzi z każdym wynikiem
Percentyl według liczby udzielonych odpowiedzi
Twoja historia wyników
Nie rozwiązałeś tego quizu od ostatniego zresetowania